000 01584cam a22002174a 4500
005 20250605164241.0
008 250528s ||||||||||||||||||||||||d
035 _a21327
020 _a9780273694786
040 _aGR-AtMCL
_bgre
_dGR-AtMCL
_eAACR2
245 1 _aBusiness Ethics and Values / Individual, Corporate and International Perspectives
250 _a2nd
260 _bPrentice Hall,
_c2006
300 _a584
520 _aThis book introduces students to the complexities and principles of ethical issues by focusing on developing ethical awareness and the ability to argue business ethics matters. Introduction, Acknowledgements, Business Ethics Matters: What Is It and Why Does It Matter? Perspectives on Business Ethics and Values, Ethical Issues in Business, Ethical Theories and How to Use Them, Individuals' Responses to Ethical Issues, Personal Values in the Workplace, Values and Heuristics, Individual Responses to Ethical Situations, Whistleblower or Witness?, Organizational Responses to Ethical Issues, Corporate Responsibility and Corporate Governance and Corporate Citizenship, Sustainability and the Responsible Corporation, Ethical Conformance: Codes and Standards and Culture and Leadership and Citizen Power, The International Context, Global and Local Values - and International Business, Globalization and International Business, Moral Agency at Work and a Modest Proposal for Affecting Ethics in Business, References, Index.
700 1 _aFisher Colin
_97377
700 1 _aLovell Alan
_97378
942 _cBK
999 _c6392
_d6392